00405nam a2200133Ia 450000500170000000800410001708200170005824500880007526000620016330000170022565000100024265000110025265000080026320240520023658.0240331s9999 xx 000 0 und d bNFSWRa331.4 0aAre we forgotten women? bA study on the status of low income single women in India aRajasthanbNational forum for single Women's Rightsc2011 aiii, 98 p ., awomen arights aLow